000 00672nam a2200205 a 4500
001 000003941
005 20240412074201.0
008 090715s2008 dr 000 0 spa d
040 _aDO-SdBNP
_bspa
_cBNPHU
082 _aRD863.44
_bN714b
100 1 _aNina, Diógenes,
_d1941-
_911857
245 1 3 _aLa biografía de Amelia /
_cDiógenes Nina.
260 _aSanto Domingo :
_bAkeru publicaciones,
_c2008.
300 _a87 p. ;
_c21 cm.
590 _aLa biblioteca posee un ejemplar autografiado por el autor.
590 _aInventariado, 2020/BT
650 0 _aCuentos dominicanos
_9176
650 0 _aLiteratura dominicana.
_967
910 _aValidado. Control de calidad. MFF
999 _c3760
_d3760